000 00787cam a22002412 4500
001 0000003030
005 20151217151912.0
008 070426s xx 000 0 eng d
020 _a00201845539 :
040 _aKABU
_cKABU
050 0 _aHG4027.5
_b.E38 1995
100 1 _aEiteman, David K.
_@0000152598
245 1 0 _aMultinational business finance /
_cDavid K. Eiteman, Arthur I. Stonehill, Michael H. Moffett.
250 _a7th ed.
260 _aNew York :
_bAddison-Wesley,
_c1995.
300 _axxii, 697 p.
650 0 _aInternational business enterprises
_xFinance.
_@0000152529
700 1 _aStonehill, Arthur I.
_@0000152599
700 1 _aMoffett, Michael H.
_@0000152600
908 _a070426
950 _@1
999 _c6180
_d6180